00449nam a2200157Ia 4500008004100000040001900041041001200060082002300072245006500095260003400160300002100194440002200215650002000237700002400257850001000281131103s9999 xx 000 0 und d aLoreto College aEnglish a891.73/MACb#NAME? aFour Soviet Masterpiecesb translated by Andrew R.MacAndrew  aTorontobBantam Bookscc 1965 a248 p. c 18 cm. aA Bantam Classics aRussian Fiction aMacAndrew,Andrew R. aLCLIB